IDM Info - Sonderheft: Die Erweiterung der Europäischen Union (Record no. 5619)

MARC details
000 -LEADER
fixed length control field 00474nas a22001697i 4500
001 - CONTROL NUMBER
control field 5912
003 - CONTROL NUMBER IDENTIFIER
control field OSt
005 - DATE AND TIME OF LATEST TRANSACTION
control field 20170126082350.0
007 - PHYSICAL DESCRIPTION FIXED FIELD--GENERAL INFORMATION
fixed length control field tu
008 - FIXED-LENGTH DATA ELEMENTS--GENERAL INFORMATION
fixed length control field 161220s xxu||||| |||| 00| 0 d
024 7# - OTHER STANDARD IDENTIFIER
Standard number or code 5912
Source of number or code RID
024 7# - OTHER STANDARD IDENTIFIER
Standard number or code 5912
Source of number or code RSN (alt)
040 ## - CATALOGING SOURCE
Transcribing agency OSt
110 2# - MAIN ENTRY--CORPORATE NAME
Corporate name or jurisdiction name as entry element Institut für den Donauraum und Mitteleuropa (IDM)
245 00 - TITLE STATEMENT
Title IDM Info - Sonderheft: Die Erweiterung der Europäischen Union
260 ## - PUBLICATION, DISTRIBUTION, ETC.
Place of publication, distribution, etc. Wien :
Name of publisher, distributor, etc. Institut für den Donauraum und Mitteleuropa (IDM).
942 ## - ADDED ENTRY ELEMENTS (KOHA)
Koha item type Journal
Holdings
Withdrawn status Lost status Damaged status Not for loan Home library Current library Shelving location Date acquired Inventory number Total Checkouts Barcode Date last seen Price effective from Koha item type
        WIIW WIIW Library 08/04/2004 5912   10001362 01/26/2017 01/26/2017 Journal
The Vienna Instiute for International Economic Studies (wiiw)